Pozycja Personal Name
Liczba rekordów, w których użyto hasła: 1
001 - Numer kontrolny
- control field: 40469
003 - Identyfikator numeru kontrolnego
- control field: NUKAT
005 - Data i czas ostatniej modyfikacji
- control field: 20260424123705.0
008 - Dane kontrolne kodowane (40 znaków)
- fixed length control field: 160621n||azznnbabn |a aaa |
010 ## - Numer kontrolny Biblioteki Kongresu
- numer kontrolny LC: p 2016284560
024 7# - OTHER STANDARD IDENTIFIER
- Standard number or code: 35146937716213831587
- Source of number or code: viaf
035 ## - Numer systemowy
- numer systemowy: a34264498
035 ## - Numer systemowy
- numer systemowy: (PL)a0000003426449
040 ## - Instytucja sporządzająca rekord
- inst. przygot. dane do rek. khw: WA N
- język haseł przedmiotowych/tezaurus: DBN
- inst. wprow. rek. khw: WA N
043 ## - Kod obszaru geograficznego
- ISO code: PL
046 ## - Special dates
- Birth date: 19111208
- Death date: 19510511
100 1# - Hasło - nazwa osobowa
- nazwa osobowa w formie ujednoliconej: Fróg, Gracjan
- daty biograficzne: (1911-1951)
368 ## - Other Attributes
- Other designation: Ofiary prześladowań
368 ## - Other Attributes
- Title of person: Oficerowie
370 ## - Associated place
- Country: Polska
372 ## - Field of activity
- Field: Wojna partyzancka
372 ## - Field of activity
- Field: Wojska pancerne
373 ## - Associated Group
- Associated group: Armia Krajowa (AK)
373 ## - Associated Group
- Associated group: Wojsko Polskie (1918-1939)
375 ## - Gender
- Gender: 1
- Source of term: iso5218
377 ## - Assoc lang
- Lang code: pol
400 0# - Trop zob. - nazwa osobowa
- nazwa osobowa (nazwisko, imiona): Szczerbiec
- daty biograficzne: (1911-1951)
400 0# - Trop zob. - nazwa osobowa
- nazwa osobowa (nazwisko, imiona): Góral
- daty biograficzne: (1911-1951)
670 ## - Źródło informacji
- źródło informacji: Tarnobrzeskie ślady, T. 4 / Piotr Duma. - Tarnobrzeg, 2016.
670 ## - Źródło informacji
- źródło informacji: Wikipedia